Intenzifikacija upravlenija proizvodstvom

Gespeichert in:
Bibliographische Detailangaben
1. Verfasser: Kozlova, Olimpiada Vasil'jevna
Weitere Verfasser: Rumjanceva, Zinaida Petrovna
Format: Buch
Sprache:Russisch
Veröffentlicht: Moskva Ekonomika 1984
Tags: Tag hinzufügen
Keine Tags, Fügen Sie das erste Tag hinzu!

MARC

LEADER 00000nam a2200000 4500
001 c108287
005 20041019155140.9
041 0 |a rus 
044 |a RU 
245 1 0 |a Intenzifikacija upravlenija proizvodstvom  |c Olimpiada Vasil'jevna Kozlova, Zinaida Petrovna Rumjanceva 
264 1 |a Moskva  |b Ekonomika  |c 1984 
300 |a 189 s. 
100 1 |a Kozlova, Olimpiada Vasil'jevna 
700 1 |a Rumjanceva, Zinaida Petrovna